Teória automatického riadenia 2 Optimálne a adaptívne systémy. Návody na cvičenia

Gespeichert in:
Bibliographische Detailangaben
1. Verfasser: Sarnovský, Ján
Weitere Verfasser: Filasová, Anna
Format: Buch
Sprache:Slowakisch
Veröffentlicht: Bratislava Alfa 1985
Ausgabe:1. vyd.
Tags: Tag hinzufügen
Keine Tags, Fügen Sie das erste Tag hinzu!

MARC

LEADER 00000nam a2200000 4500
001 c028915
005 20221220082414.4
041 0 |a slo 
044 |a SK 
245 1 0 |a Teória automatického riadenia 2  |b Optimálne a adaptívne systémy. Návody na cvičenia  |c Ján Sarnovský, Anna Filasová 
250 |a 1. vyd. 
264 1 |a Bratislava  |b Alfa  |c 1985 
300 |a 149 s. 
100 1 |a Sarnovský, Ján 
700 1 |a Filasová, Anna